| 000 | 00617 a2200181 4500 | ||
|---|---|---|---|
| 003 | Nust | ||
| 005 | 20170207171113.0 | ||
| 040 | _cNust | ||
| 082 | _a621.382 | ||
| 100 | _aAltaf, Tanzeela ( MSEE-18) | ||
| 245 |
_aPower control in cognitive radio using fuzzy logic _cTanzeela Altaf |
||
| 260 |
_aRawalpindi _bMCS,NUST _c2014 |
||
| 300 | _avii,44,p; | ||
| 505 | _aIntroduction (page-1) Literature review (page-13) Proposed fuzzay based power control methodology (page-22) Simulation and results (page-30)Conclusion and future work (page-42) | ||
| 538 | _aAlmirah No.69 Shelf No.3 | ||
| 650 | _aPG Thesis | ||
| 651 | _aMSEE-18 | ||
| 942 | _cTHS | ||
| 999 |
_c216230 _d216230 |
||